[Event "World Junior Open 2015"]
[Site "Khanty-Mansiysk RUS"]
[Date "2015.09.08"]
[Round "7.16"]
[White "Bida, Mihai-Eugen"]
[Black "Sanal, Vahap"]
[Result "0-1"]
[WhiteTitle "FM"]
[BlackTitle "IM"]
[WhiteElo "2394"]
[BlackElo "2522"]
[WhiteFideId "1200062"]
[BlackFideId "6300545"]
[EventDate "2015.09.02"]

1. d4 g6 2. c4 Bg7 3. e4 d6 4. Nc3 e5 5. d5 a5 6. Be3 h5 7. Bd3 Bh6 8. Bxh6 Nxh6
9. Qd2 h4 10. h3 Nd7 11. Nge2 Nc5 12. Bc2 Bd7 13. O-O-O Qf6 14. Qe3 g5 15. Rdf1
Ke7 16. g4 a4 17. f3 Rhb8 18. Kd2 b5 19. cxb5 Bxb5 20. Nxb5 Rxb5 21. Qc3 Rab8
22. Rb1 Rb4 23. Ke3 Ng8 24. b3 axb3 25. Bxb3 Kf8 26. Bc2 Rxb1 27. Rxb1 Ra8 28.
a4 Ne7 29. Rb5 Ng6 30. Ra5 Rb8 31. Ra7 Nf4 32. Ng1 Nxd5+ 33. exd5 Qf4+ 34. Kf2
Rb3 35. Qxb3 Nxb3 36. Ra8+ Ke7 37. Bxb3 Qd4+ 0-1

[Event "World Junior Open 2015"]
[Site "Khanty-Mansiysk RUS"]
[Date "2015.09.08"]
[Round "7.17"]
[White "Sunilduth Lyna, Narayanan"]
[Black "Ratkovic, Miloje"]
[Result "1-0"]
[WhiteTitle "IM"]
[WhiteElo "2473"]
[BlackElo "2388"]
[WhiteFideId "5058422"]
[BlackFideId "914517"]
[EventDate "2015.09.02"]

1. d4 d5 2. c4 dxc4 3. e4 b5 4. a4 c6 5. Nc3 a6 6. axb5 cxb5 7. Nxb5 axb5 8.
Rxa8 Bb7 9. Ra1 e6 10. f3 f5 11. Nh3 Nc6 12. d5 Bb4+ 13. Bd2 exd5 14. exd5 Qxd5
15. Bxb4 Nxb4 16. Qxd5 Bxd5 17. Ra5 Nc2+ 18. Kd2 Nd4 19. Kc3 1-0

[Event "World Junior Open 2015"]
[Site "Khanty-Mansiysk RUS"]
[Date "2015.09.08"]
[Round "7.18"]
[White "Menezes, Christoph"]
[Black "Arat, Ufuk Sezen"]
[Result "1/2-1/2"]
[WhiteTitle "FM"]
[BlackTitle "FM"]
[WhiteElo "2364"]
[BlackElo "2441"]
[WhiteFideId "1617001"]
[BlackFideId "6309089"]
[EventDate "2015.09.02"]

1. Nf3 g6 2. c4 Bg7 3. d4 Nf6 4. Nc3 O-O 5. e4 d6 6. h3 c5 7. d5 e6 8. Bd3 Na6
9. Be3 Re8 10. O-O Nc7 11. dxe6 Nxe6 12. Qd2 Nd7 13. Be2 Ne5 14. Nxe5 Bxe5 15.
Bg4 Nd4 16. Bxc8 Rxc8 17. Nd5 f5 18. Bxd4 Bxd4 19. exf5 gxf5 20. Rae1 Kh8 21.
Rxe8+ Qxe8 22. Re1 Qh5 23. Qe2 Qh4 24. Qf3 Rg8 25. Re7 Bxb2 26. Qxf5 Bg7 27. g3
Qh6 28. Rxb7 a5 29. Kg2 a4 30. Ra7 Rf8 31. Rf7 Rb8 32. Qd7 Qg6 33. Rf4 Be5 34.
Rg4 Qe8 35. Qf5 Qf8 36. Qh5 Rb2 37. Nf4 Qa8+ 38. Nd5 Rxa2 39. Rh4 Qg8 40. Qf3
Rd2 41. Nf6 Bxf6 42. Qxf6+ Qg7 43. Qd8+ Qg8 44. Qf6+ Qg7 45. Qd8+ Qg8 46. Qf6+ 1/2-1/2

[Event "World Junior Open 2015"]
[Site "Khanty-Mansiysk RUS"]
[Date "2015.09.08"]
[Round "7.19"]
[White "Laurusas, Tomas"]
[Black "Bilguun, Sumiya"]
[Result "1-0"]
[WhiteTitle "IM"]
[BlackTitle "FM"]
[WhiteElo "2429"]
[BlackElo "2343"]
[WhiteFideId "12803731"]
[BlackFideId "4901541"]
[EventDate "2015.09.02"]

1. c4 e6 2. Nf3 c5 3. g3 b6 4. Bg2 Bb7 5. O-O Nf6 6. b3 d6 7. Bb2 Nbd7 8. e3 Rc8
9. Nc3 Be7 10. d4 cxd4 11. exd4 d5 12. Ne5 O-O 13. Rc1 Bb4 14. Nb5 a6 15. a3 Be7
16. Nc3 Bd6 17. Nxd7 Qxd7 18. Na4 Bc7 19. c5 Bc6 20. Nxb6 Bxb6 21. cxb6 Qb7 22.
a4 Qxb6 23. Ba3 Rfe8 24. Qd3 Nd7 25. Rfe1 e5 26. Bf1 Bb7 27. Bh3 Rxc1 28. Rxc1
Nf6 29. Bc5 Qc7 30. dxe5 Qxe5 31. Bd4 Qd6 32. Bg2 h6 33. Qc3 Ne4 34. Qb2 f6 35.
b4 Qd7 36. b5 axb5 37. Qxb5 Qxb5 38. axb5 Nd6 39. b6 Nc4 40. Ra1 Nd2 41. Be3 Nc4
42. Ra7 d4 43. Bxb7 dxe3 44. Bd5+ Kh7 45. Bxc4 e2 46. Bxe2 Rxe2 47. Rc7 Rb2 48.
b7 f5 49. Kf1 Kg6 50. Ke1 Kf6 51. Kd1 g5 52. Kc1 Rb6 53. Kd2 Ke5 54. Kc3 Kd6 55.
Rh7 Kd5 56. f3 g4 57. f4 Rb1 58. Kd3 Rb3+ 59. Kc2 Rb6 60. Kc3 Rb1 61. Re7 Kd6
62. Re5 Rxb7 63. Rxf5 Ke6 64. Rh5 Rh7 65. Kd4 Kf6 66. Rd5 Re7 67. Rd6+ Kg7 68.
f5 Re2 69. Rg6+ Kh7 70. Rxg4 Rxh2 71. f6 Rh5 72. Rg7+ Kh8 73. Ke4 Ra5 74. Re7
Kg8 75. Kf4 Rg5 76. g4 Ra5 77. Re5 Ra4+ 78. Kf5 Kf7 79. Re7+ Kf8 80. Re4 1-0

[Event "World Junior Open 2015"]
[Site "Khanty-Mansiysk RUS"]
[Date "2015.09.08"]
[Round "7.20"]
[White "Fontaine, Quentin"]
[Black "Studer, Noel"]
[Result "1/2-1/2"]
[BlackTitle "IM"]
[WhiteElo "2122"]
[BlackElo "2422"]
[WhiteFideId "230804"]
[BlackFideId "1319620"]
[EventDate "2015.09.02"]

1. d4 e6 2. e4 d5 3. Nc3 Nf6 4. Bg5 dxe4 5. Nxe4 Be7 6. Bxf6 gxf6 7. Qd3 Nc6 8.
Nf3 f5 9. Nc3 Nb4 10. Qd2 c6 11. O-O-O Qa5 12. Kb1 Nd5 13. Nxd5 Qxd2 14. Nc7+
Kd7 15. Ne5+ Kxc7 16. Rxd2 f6 17. Nf3 Bd6 18. Bc4 b5 19. Bb3 c5 20. dxc5 Bxc5
21. Nd4 Bxd4 22. Rxd4 e5 23. Rd3 Bb7 24. Be6 Rad8 25. Rhd1 f4 26. Rd7+ 1/2-1/2

[Event "World Junior Open 2015"]
[Site "Khanty-Mansiysk RUS"]
[Date "2015.09.08"]
[Round "7.21"]
[White "Barbot, Pierre1"]
[Black "Beradze, Irakli"]
[Result "1-0"]
[WhiteTitle "FM"]
[WhiteElo "2455"]
[BlackElo "2380"]
[WhiteFideId "663727"]
[BlackFideId "13604597"]
[EventDate "2015.09.02"]

1. d4 d5 2. c4 c6 3. Nc3 Nf6 4. e3 Bf5 5. cxd5 cxd5 6. Qb3 Nc6 7. Qxb7 Bd7 8.
Qb3 Rb8 9. Qd1 e5 10. Nf3 Bd6 11. dxe5 Nxe5 12. Be2 O-O 13. O-O Nxf3+ 14. Bxf3
Qc7 15. h3 Rfd8 16. Ne2 Bh2+ 17. Kh1 Be5 18. Nd4 Qc8 19. b3 Bxh3 20. Ba3 Qd7 21.
Rc1 Rdc8 22. Kg1 Bf5 23. Nxf5 Qxf5 24. Qe2 Re8 25. Qc2 Qg5 26. Bb2 Bxb2 27. Qxb2
Rb4 28. Rfd1 Rh4 29. Rd4 Ne4 30. Rcd1 Qh6 31. g3 Rh2 32. Bg2 Ng5 33. Qe2 Ne4 34.
Qg4 Nf6 35. Qf4 g5 36. Qf5 Kg7 37. Rc1 Re6 38. Rc7 Kg8 39. Rxd5 Kf8 1-0

[Event "World Junior Open 2015"]
[Site "Khanty-Mansiysk RUS"]
[Date "2015.09.08"]
[Round "7.22"]
[White "Johansson, Linus"]
[Black "Bogdanov, Egor"]
[Result "1-0"]
[WhiteTitle "IM"]
[WhiteElo "2400"]
[BlackElo "2333"]
[WhiteFideId "1711113"]
[BlackFideId "14119137"]
[EventDate "2015.09.02"]

1. d4 d5 2. c4 e6 3. Nc3 c5 4. cxd5 cxd4 5. Qa4+ Bd7 6. Qxd4 exd5 7. Qxd5 Nc6 8.
Qd1 Nf6 9. Nf3 Bc5 10. g3 Qb6 11. e3 O-O-O 12. Bd2 Bb4 13. Qc2 g6 14. Be2 Bf5
15. Qa4 Bg4 16. a3 Bxf3 17. Bxf3 Ne5 18. Be2 Rxd2 19. Kxd2 Bxc3+ 20. Kxc3 Kb8
21. Kc2 Rc8+ 22. Kb1 Nd5 23. Rc1 Rd8 24. Ka2 Qe6 25. Bc4 Nd3 26. Rc2 Rc8 27. Qb3
Rxc4 28. Rxc4 b5 29. Rd4 N5b4+ 30. axb4 1-0

[Event "World Junior Open 2015"]
[Site "Khanty-Mansiysk RUS"]
[Date "2015.09.08"]
[Round "7.23"]
[White "Harsha, Bharathakoti"]
[Black "Megalios, Konstantinos"]
[Result "0-1"]
[WhiteElo "2393"]
[BlackElo "2242"]
[WhiteFideId "5078776"]
[BlackFideId "4238044"]
[EventDate "2015.09.02"]

1. d4 Nf6 2. c4 e6 3. Nf3 c5 4. d5 d6 5. Nc3 exd5 6. cxd5 g6 7. Bf4 a6 8. a4 Bg7
9. h3 O-O 10. e3 Re8 11. Nd2 Nbd7 12. Nc4 Ne4 13. Nxe4 Rxe4 14. Qf3 Rxc4 15.
Bxc4 Bxb2 16. O-O Bxa1 17. Rxa1 Qe7 18. Qg3 Ne5 19. Bxe5 dxe5 20. Rb1 Bf5 21. e4
Bxe4 22. Re1 b5 23. Ba2 Bf5 24. Rxe5 Qf6 25. Qc3 Qd6 26. g4 Bd7 27. Qe3 c4 28.
Qf4 Rd8 29. Qe3 Rf8 30. Qd4 Qa3 31. Qd2 Qxh3 32. g5 Qg4+ 33. Kf1 Bf5 34. f4 Qg3 0-1

[Event "World Junior Open 2015"]
[Site "Khanty-Mansiysk RUS"]
[Date "2015.09.08"]
[Round "7.24"]
[White "Makhnyov, Denis"]
[Black "Carneiro, Vitor Roberto Castro"]
[Result "0-1"]
[WhiteTitle "FM"]
[BlackTitle "CM"]
[WhiteElo "2358"]
[BlackElo "2405"]
[WhiteFideId "13707647"]
[BlackFideId "2130106"]
[EventDate "2015.09.02"]

1. d4 Nf6 2. c4 g6 3. Nc3 Bg7 4. e4 d6 5. Nf3 O-O 6. Be2 e5 7. O-O Nc6 8. d5 Ne7
9. Qc2 h6 10. Rd1 Ne8 11. b4 f5 12. Nd2 f4 13. c5 g5 14. Nc4 g4 15. Ba3 f3 16.
Bf1 fxg2 17. Bxg2 Ng6 18. b5 b6 19. cxd6 cxd6 20. Ne2 Nh4 21. Ng3 Nf3+ 22. Bxf3
Rxf3 23. Rd3 Rf7 24. Rc3 Bf8 25. Bb4 Bd7 26. a4 Rc8 27. Rc1 Qf6 28. Qe2 Ng7 29.
Ne3 Rxc3 30. Rxc3 h5 31. Ngf1 Qg6 32. Ng2 Be7 33. Ba3 h4 34. Bc1 Nh5 35. Qc2 Bd8
36. Bd2 Nf6 37. Rc4 g3 38. hxg3 Ng4 39. Be1 hxg3 40. Nxg3 Qh6 41. Rc3 Qh2+ 42.
Kf1 Nxf2 43. Bxf2 Bh3 44. Ke1 Qxg2 45. Qe2 Bg5 46. Rd3 Bg4 47. Qf1 Rc7 0-1

[Event "World Junior Open 2015"]
[Site "Khanty-Mansiysk RUS"]
[Date "2015.09.08"]
[Round "7.25"]
[White "Popov, Mikhail"]
[Black "Dutreuil, Raphael"]
[Result "1-0"]
[WhiteTitle "FM"]
[WhiteElo "2327"]
[BlackElo "2166"]
[WhiteFideId "4146182"]
[BlackFideId "20630999"]
[EventDate "2015.09.02"]

1. Nc3 c5 2. Nf3 Nc6 3. d4 cxd4 4. Nxd4 g6 5. e4 Bg7 6. Be3 Nf6 7. Nb3 O-O 8.
Be2 a5 9. a4 d5 10. exd5 Nb4 11. Bf3 e6 12. d6 Nfd5 13. Nxd5 Nxd5 14. Bxd5 exd5
15. Qxd5 Bxb2 16. Rd1 Bg4 17. O-O Bxd1 18. Rxd1 Qd7 19. Nc5 Qc6 20. Nxb7 Qxc2
21. d7 Bf6 22. Bh6 Rfb8 23. Nd6 Qb3 24. Qxb3 Rxb3 25. Re1 Be5 26. f4 Bd4+ 27.
Kf1 Re3 28. Rxe3 Bxe3 29. Nc8 1-0

[Event "World Junior Open 2015"]
[Site "Khanty-Mansiysk RUS"]
[Date "2015.09.08"]
[Round "7.26"]
[White "Hasenohr, Benedict"]
[Black "Sabirov, Timur"]
[Result "1-0"]
[WhiteTitle "FM"]
[WhiteElo "2309"]
[BlackElo "1665"]
[WhiteFideId "1303309"]
[BlackFideId "44107323"]
[EventDate "2015.09.02"]

1. d4 Nf6 2. Nf3 c5 3. c3 cxd4 4. cxd4 b6 5. Nc3 Bb7 6. Bf4 e6 7. e3 Bb4 8. Be2
Nd5 9. Qd2 Nxf4 10. exf4 Nc6 11. O-O Ne7 12. a3 Bxc3 13. bxc3 Qc7 14. Rac1 Nd5
15. Ne5 f6 16. c4 Nxf4 17. Qxf4 fxe5 18. dxe5 Rf8 19. Qg3 Qc5 20. Rb1 Bc6 21.
Bd3 g6 22. Rfe1 O-O-O 23. Qe3 Qxe3 24. Rxe3 Rf4 25. Rc1 Rdf8 26. f3 Kb7 27. Rc3
Rc8 28. Rb3 Ba4 29. Rb4 Bc6 30. Kf2 a5 31. Rb2 Ka6 32. Re1 Ba4 33. Ke3 Rff8 34.
Reb1 Rb8 35. c5+ b5 36. Rc1 Rfc8 37. Kd4 Rc6 38. f4 Rbc8 39. g3 R6c7 40. h4 Rf8
41. Be4 Rcc8 42. Rd2 Rc7 43. Ke3 Bb3 44. Rd6+ Ka7 45. Kd4 a4 46. c6 dxc6 47.
Rcxc6 Rxc6 48. Rxc6 b4 49. Rc7+ Ka6 50. Kc5 Bc4 51. axb4 Bb5 52. Bb7+ Ka7 53.
Kxb5 a3 54. Bc6+ Kb8 55. Kb6 1-0

[Event "World Junior Open 2015"]
[Site "Khanty-Mansiysk RUS"]
[Date "2015.09.08"]
[Round "7.27"]
[White "Serikbay, Chingiz"]
[Black "Isaev, Chyngyz"]
[Result "0-1"]
[WhiteTitle "FM"]
[WhiteElo "2272"]
[BlackElo "2163"]
[WhiteFideId "13707604"]
[BlackFideId "13801660"]
[EventDate "2015.09.02"]

1. Nf3 d5 2. g3 Nf6 3. Bg2 c6 4. O-O Bg4 5. d3 Nbd7 6. Nbd2 e5 7. h3 Bh5 8. g4
Bg6 9. Nh4 Be7 10. e4 dxe4 11. dxe4 Qc7 12. Nf5 Bxf5 13. exf5 O-O-O 14. Qf3 h5
15. g5 Nd5 16. Ne4 Nf4 17. Be3 Nb6 18. b3 Nbd5 19. Rfd1 Kb8 20. Bf1 f6 21. c4
fxg5 22. cxd5 cxd5 23. Rdc1 Qd7 24. Nc3 g4 25. hxg4 hxg4 26. Qxg4 Rh4 27. Qxg7
Qxf5 28. Bxf4 Rg4+ 29. Qxg4 Qxg4+ 30. Bg3 d4 31. Be2 Qg6 32. Kf1 dxc3 33. Bxe5+
Bd6 34. Bxd6+ Qxd6 35. Rxc3 Qh2 36. Bf3 Rg8 37. Rac1 Rg1+ 38. Ke2 Qe5+ 39. Kd3
Rxc1 40. Rxc1 Qf4 41. Rc2 Qxf3+ 42. Kd4 Qf4+ 43. Kc3 Kc7 44. Kb2+ Kd6 45. Kb1
Kd5 46. Kb2 b5 47. a3 Qd4+ 48. Ka2 Qd3 49. Kb2 a5 50. Rc3 Qd4 0-1

[Event "World Junior Open 2015"]
[Site "Khanty-Mansiysk RUS"]
[Date "2015.09.08"]
[Round "7.28"]
[White "Van Laeken, Jonathan"]
[Black "Ererdem, Gani Eren"]
[Result "1-0"]
[WhiteElo "1866"]
[BlackElo "2213"]
[WhiteFideId "228567"]
[BlackFideId "6310915"]
[EventDate "2015.09.02"]

1. d4 Nf6 2. c4 e6 3. Nc3 Bb4 4. Qb3 c5 5. dxc5 Nc6 6. Nf3 O-O 7. Bg5 h6 8. Bxf6
Qxf6 9. a3 Bxc5 10. e3 Qg6 11. Be2 b6 12. h4 f5 13. O-O-O Qf6 14. Kb1 Ne5 15.
Nxe5 Qxe5 16. Rhg1 Rb8 17. Qc2 a6 18. g4 b5 19. cxb5 axb5 20. gxf5 b4 21. f6
Rxf6 22. Ne4 bxa3 23. Nxf6+ Qxf6 24. b3 d6 25. Ka2 Bb7 26. Rg4 Qxf2 27. Rdg1 Qf6
28. Rxg7+ Qxg7 29. Rxg7+ Kxg7 30. Bh5 Kf6 31. Qh7 Bd5 32. Qf7+ 1-0

[Event "World Junior Open 2015"]
[Site "Khanty-Mansiysk RUS"]
[Date "2015.09.08"]
[Round "7.29"]
[White "Chumak, Dmitrii"]
[Black "Kirk, Ezra"]
[Result "1/2-1/2"]
[BlackTitle "FM"]
[WhiteElo "1808"]
[BlackElo "2315"]
[WhiteFideId "34106658"]
[BlackFideId "600067"]
[EventDate "2015.09.02"]

1. e4 c5 2. Nf3 Nc6 3. d4 cxd4 4. Nxd4 g6 5. Nc3 Bg7 6. Be3 Nf6 7. Bc4 Qa5 8.
O-O O-O 9. Nb3 Qc7 10. h3 d6 11. Bg5 a6 12. Bxf6 exf6 13. Nd5 Qd8 14. Ne3 Ne7
15. c3 f5 16. exf5 Nxf5 17. Nxf5 Bxf5 18. Nd4 Bd7 19. Nf3 Bc6 20. Bd5 Qc7 21.
Rb1 a5 22. c4 a4 23. Qd3 Ra5 24. Bxc6 bxc6 25. Rfd1 Rd8 26. b4 axb3 27. axb3 Ra3
28. Nd4 Qb6 29. Nc2 Raa8 30. b4 d5 31. c5 Qc7 32. Nd4 Ra4 33. Qb3 Rda8 34. Nc2
Qa7 35. Qg3 Qd7 36. Qd3 Qa7 37. Qg3 Rc8 38. Qd6 Bf8 39. Qf6 Qe7 40. Qxe7 Bxe7
41. Ra1 Rxa1 42. Rxa1 Bf6 43. Ra6 Be5 44. Kf1 Kf8 45. Ke2 Ke7 46. Kd3 Kd7 47.
Nd4 Bxd4 48. Kxd4 Rb8 49. Ra7+ Ke6 50. Kc3 Rc8 51. Rb7 h5 52. Kd4 Ra8 53. Rc7
Ra6 54. f4 h4 55. Ke3 f6 56. Kf3 Kf5 57. g4+ hxg3 58. Kxg3 Ra3+ 59. Kg2 Ra6 60.
Kf3 Ra4 61. Rxc6 Rxb4 62. Rd6 Rxf4+ 63. Ke3 Ke5 64. Rd8 Rc4 65. Re8+ Kf5 66. Rc8
g5 67. c6 Ke6 68. c7 Re4+ 69. Kd3 Kd7 70. Rf8 Kxc7 71. Rxf6 Rf4 72. Rg6 Rf5 73.
Kd4 Kd7 74. h4 gxh4 75. Rh6 Rf1 76. Kxd5 Ra1 77. Rh7+ Ke8 1/2-1/2

[Event "World Junior Open 2015"]
[Site "Khanty-Mansiysk RUS"]
[Date "2015.09.08"]
[Round "7.30"]
[White "Lootens, Matthias"]
[Black "O'Mahoney, Keegan"]
[Result "1-0"]
[WhiteElo "1935"]
[BlackElo "1788"]
[WhiteFideId "218634"]
[BlackFideId "2506190"]
[EventDate "2015.09.02"]

1. e4 c6 2. Nc3 d5 3. Nf3 Bg4 4. h3 Bxf3 5. Qxf3 e6 6. d3 Nd7 7. a3 g6 8. g4 Bg7
9. Bg2 Ne7 10. Bd2 O-O 11. O-O-O d4 12. Ne2 c5 13. h4 c4 14. h5 Rc8 15. dxc4 Ne5
16. Qh3 Nxc4 17. hxg6 fxg6 18. Qxh7+ Kf7 19. Bh6 Rg8 20. Rh3 d3 21. Rdxd3 Qb6
22. Rhf3+ Nf5 23. Rd7+ Ke8 24. Qxg8+ Kxd7 25. Qf7+ Kd6 26. Bxg7 Nxg7 27. Qxg7
Ne5 28. Rf8 Qa5 29. Nc3 Rc7 30. Rd8+ Kc6 31. Qf6 b6 32. Qxe6+ Kb7 33. f4 Nc6 34.
Rd5 Qa6 35. Nb5 Re7 36. Rd7+ Kb8 37. Qd6+ 1-0

[Event "World Junior Open 2015"]
[Site "Khanty-Mansiysk RUS"]
[Date "2015.09.08"]
[Round "7.31"]
[White "Dias, Matheus Nunes"]
[Black "El Fazari, Mohamed Amin"]
[Result "0-1"]
[WhiteElo "1699"]
[BlackElo "1832"]
[WhiteFideId "2136570"]
[BlackFideId "9002545"]
[EventDate "2015.09.02"]

1. d4 d5 2. c4 c6 3. Nc3 Nf6 4. cxd5 cxd5 5. Bf4 e6 6. e3 Bd6 7. Bb5+ Nc6 8. Bg3
Qc7 9. Nge2 Bd7 10. Rc1 a6 11. Bd3 Rc8 12. a3 Bxg3 13. hxg3 e5 14. dxe5 Qxe5 15.
Qa4 O-O 16. Qh4 h6 17. Qf4 Rfe8 18. O-O Bg4 19. Qxe5 Nxe5 20. Rcd1 Rc7 21. Rd2
g5 22. f3 Bh5 23. g4 Nxd3 24. gxh5 Rxe3 25. Rfd1 Ne5 26. Kf2 Nc4 27. Rd4 Rce7
28. Ng3 Nxb2 29. Nf5 Nxd1+ 30. Rxd1 Rxc3 31. Nxe7+ Kh7 32. Nxd5 Rc2+ 33. Kf1
Nxh5 34. Rb1 Rd2 35. Nc7 Nf4 36. g3 Nh3 37. Rxb7 Rf2+ 38. Ke1 Rxf3 39. Nxa6 Rxa3
40. Nc5 Rxg3 41. Rxf7+ Kg6 42. Rf6+ Kxf6 43. Ne4+ Kf5 44. Nxg3+ Kg4 45. Ne4 Kf3
46. Nd2+ Kg2 47. Ke2 Nf4+ 48. Ke3 h5 49. Ne4 Nh3 50. Ke2 Ng1+ 51. Ke3 Nf3 52.
Nf6 h4 53. Ke4 h3 54. Ng4 Kg3 55. Kf5 Kh4 56. Nf2 Nd4+ 57. Ke4 g4 58. Kxd4 g3
59. Ke3 h2 0-1

[Event "World Junior Open 2015"]
[Site "Khanty-Mansiysk RUS"]
[Date "2015.09.10"]
[Round "8.1"]
[White "Bajarani, Ulvi"]
[Black "Duda, Jan-Krzysztof"]
[Result "1/2-1/2"]
[WhiteTitle "GM"]
[BlackTitle "GM"]
[WhiteElo "2535"]
[BlackElo "2645"]
[WhiteFideId "13403028"]
[BlackFideId "1170546"]
[EventDate "2015.09.02"]

1. e4 c5 2. Nc3 d6 3. g3 g6 4. Bg2 Bg7 5. f4 Nc6 6. Nf3 Nh6 7. O-O O-O 8. d3 f5
9. h3 Bd7 10. Be3 Nd4 11. Qd2 Nf7 12. Kh2 Kh8 13. Rae1 Bc6 14. Bg1 Qd7 15. Nxd4
cxd4 16. Ne2 e5 17. c3 dxc3 18. Nxc3 exf4 19. gxf4 a6 20. Ne2 Rae8 21. Nd4 Nd8
22. exf5 gxf5 23. Nxc6 bxc6 24. Qa5 d5 25. Rxe8 Rxe8 26. Qxa6 Bxb2 27. Rb1 Bf6
28. Kh1 Qg7 29. Bf2 Bd4 30. Bxd4 Qxd4 31. Rf1 Rg8 32. Qa3 Qg7 33. Rf2 Ne6 34.
Qd6 Nd4 35. Qe5 Qxe5 36. fxe5 Re8 37. Rf4 Ne2 38. Rb4 Rxe5 39. a4 Re3 40. a5
Rxd3 41. Ra4 Rb3 42. a6 Rb8 43. Kh2 Nc3 44. a7 Ra8 45. Ra6 Nb5 46. Rxc6 Rxa7 47.
Bxd5 Kg7 48. Kg3 Ra4 49. Rb6 Nc3 50. Bb3 Re4 51. Be6 Re5 52. Kf4 Ra5 53. Bc4 Ra4
54. Rc6 Nd5+ 55. Ke5 Ne3 56. Bd3 Ra5+ 57. Kd4 Ng2 58. Bc4 Nh4 59. Rb6 Nf3+ 60.
Ke3 Ne5 61. Bb3 Ng6 62. Rb7+ Kh6 63. Kd4 Ra8 64. Rf7 Nh4 65. Ke5 Kg6 66. Rb7 Rd8
67. Kf4 Rd4+ 68. Ke3 Re4+ 69. Kf2 h6 70. Kg3 Kg5 71. Rg7+ Kf6 72. Rb7 Ng6 73.
Rf7+ Kg5 74. Bc2 Re3+ 75. Kf2 Re5 76. Rc7 Nf4 77. Rc3 h5 78. Bb1 Rd5 79. Ke1 Rb5
80. Bc2 Ra5 81. Rg3+ Kf6 82. Rf3 Ne6 83. Rf2 Nd4 84. Bd1 Kg5 85. h4+ Kh6 86. Rd2
Re5+ 87. Kf2 Re4 88. Kg3 Kg6 89. Ra2 Re3+ 90. Kf2 Re6 91. Ra8 f4 92. Rg8+ Kf6
93. Bxh5 Rc6 1/2-1/2

[Event "World Junior Open 2015"]
[Site "Khanty-Mansiysk RUS"]
[Date "2015.09.10"]
[Round "8.2"]
[White "Bok, Benjamin"]
[Black "Rambaldi, Francesco"]
[Result "1/2-1/2"]
[WhiteTitle "GM"]
[BlackTitle "IM"]
[WhiteElo "2586"]
[BlackElo "2540"]
[WhiteFideId "1017063"]
[BlackFideId "20657307"]
[EventDate "2015.09.02"]

1. e4 c6 2. d4 d5 3. e5 Bf5 4. Nf3 e6 5. Be2 Nd7 6. O-O h6 7. c3 a6 8. Nbd2 Ne7
9. b4 Nc8 10. Nb3 Be7 11. Bd3 Bxd3 12. Qxd3 b6 13. Be3 Qc7 14. Rfc1 O-O 15. a4
Qb7 16. Rab1 a5 17. bxa5 bxa5 18. Nxa5 Qc7 19. Nb3 Ncb6 20. a5 Nc4 21. Nfd2 Nxa5
22. c4 Nxb3 23. Rxb3 Qa7 24. c5 Rfb8 25. Rcb1 Rxb3 26. Rxb3 f5 27. exf6 Bxf6 28.
Nf3 e5 29. dxe5 Nxe5 30. Nxe5 Qa1+ 31. Rb1 Qxe5 32. g3 d4 33. Qc4+ Kh7 34. Bd2
Qf5 35. Rb3 Ra1+ 36. Kg2 Rd1 37. Rf3 Qe4 38. Qd3 Qxd3 39. Rxd3 Bg5 40. f4 Be7
41. Kf3 Bxc5 42. Ke4 Bb6 43. f5 c5 44. Bf4 Rh1 45. Rb3 Bd8 46. Be5 Bf6 47. Bxf6
gxf6 48. Kd5 Re1 1/2-1/2

[Event "World Junior Open 2015"]
[Site "Khanty-Mansiysk RUS"]
[Date "2015.09.10"]
[Round "8.3"]
[White "Antipov, Mikhail Al."]
[Black "Van Foreest, Jorden"]
[Result "1-0"]
[WhiteTitle "GM"]
[BlackTitle "IM"]
[WhiteElo "2538"]
[BlackElo "2541"]
[WhiteFideId "4107012"]
[BlackFideId "1039784"]
[EventDate "2015.09.02"]

1. e4 e5 2. Nf3 Nc6 3. Bc4 Nf6 4. d3 Bc5 5. O-O O-O 6. c3 d5 7. exd5 Nxd5 8. b4
Be7 9. b5 Na5 10. Bxd5 Qxd5 11. c4 Qd7 12. Nc3 f6 13. Nd5 Bd8 14. Ba3 Re8 15.
Rc1 a6 16. b6 cxb6 17. Nd2 f5 18. f4 e4 19. Re1 b5 20. dxe4 fxe4 21. Nxe4 Nxc4
22. Qh5 Re6 23. f5 Qxd5 24. Ng5 Bxg5 25. Qe8+ Rxe8 26. Rxe8+ Kf7 27. Rf8# 1-0

[Event "World Junior Open 2015"]
[Site "Khanty-Mansiysk RUS"]
[Date "2015.09.10"]
[Round "8.4"]
[White "Grigoryan, Karen H."]
[Black "Bluebaum, Matthias"]
[Result "1/2-1/2"]
[WhiteTitle "GM"]
[BlackTitle "GM"]
[WhiteElo "2609"]
[BlackElo "2580"]
[WhiteFideId "13301004"]
[BlackFideId "24651516"]
[EventDate "2015.09.02"]

1. d4 d5 2. c4 e6 3. Nf3 Nf6 4. g3 Bb4+ 5. Bd2 Be7 6. Bg2 O-O 7. O-O c6 8. Qc2
Nbd7 9. Bf4 b6 10. Nc3 Bb7 11. Rad1 dxc4 12. Nd2 Nd5 13. Nxc4 Nxf4 14. gxf4 Qc7
15. e3 Rad8 16. Qe4 Ba6 17. b3 b5 18. Ne5 Nxe5 19. fxe5 b4 20. Na4 c5 21. Rfe1
cxd4 22. exd4 Rc8 23. Qe3 Bb7 24. Rc1 Qb8 25. Nc5 Bxg2 26. Kxg2 Rfd8 27. Rc4 Rd5
28. Ne4 Rcd8 29. Rec1 Qb6 30. Rc7 R5d7 31. Rxd7 Rxd7 32. Rc8+ Rd8 33. Rc4 h6 1/2-1/2

[Event "World Junior Open 2015"]
[Site "Khanty-Mansiysk RUS"]
[Date "2015.09.10"]
[Round "8.5"]
[White "Cori, Jorge"]
[Black "Akash, G"]
[Result "0-1"]
[WhiteTitle "GM"]
[BlackTitle "IM"]
[WhiteElo "2637"]
[BlackElo "2382"]
[WhiteFideId "3802272"]
[BlackFideId "5040299"]
[EventDate "2015.09.02"]

1. e4 c5 2. Nf3 Nc6 3. Bb5 e6 4. O-O Nge7 5. Re1 a6 6. Bf1 d5 7. exd5 Nxd5 8.
Nc3 Be7 9. Nxd5 Qxd5 10. g3 Bf6 11. Bg2 Qd7 12. d3 O-O 13. Nd2 Rb8 14. Qh5 Be7
15. Nf3 f6 16. Be3 Qe8 17. Qxe8 Rxe8 18. d4 Nb4 19. Re2 Nd5 20. Bd2 c4 21. Rae1
Kf7 22. Nh4 Bd7 23. f4 Nc7 24. b3 b5 25. Ba5 Bd6 26. Nf3 cxb3 27. axb3 b4 28.
Nd2 Nd5 29. Ne4 Bf8 30. Nc5 Bxc5 31. dxc5 Rb5 32. Bxd5 Rxa5 33. Bc4 Rxc5 34.
Bxa6 Bb5 35. Bxb5 Rxb5 36. Rd1 Rc5 37. Kf2 Rec8 38. Rdd2 e5 39. fxe5 fxe5 40.
Ke1 Ke6 41. Kd1 Ra8 42. Re4 Ra1+ 43. Ke2 Ra2 44. Rc4 Rxc4 45. bxc4 Ra3 46. Rd3
Rxd3 47. Kxd3 Kd6 48. Ke4 Kc5 49. Kxe5 Kxc4 50. Kd6 Kc3 51. Kc5 g5 52. h4 g4 53.
h5 h6 0-1

[Event "World Junior Open 2015"]
[Site "Khanty-Mansiysk RUS"]
[Date "2015.09.10"]
[Round "8.6"]
[White "Tari, Aryan"]
[Black "Bai, Jinshi"]
[Result "1/2-1/2"]
[WhiteTitle "IM"]
[BlackTitle "IM"]
[WhiteElo "2518"]
[BlackElo "2519"]
[WhiteFideId "1510045"]
[BlackFideId "8602280"]
[EventDate "2015.09.02"]

1. c4 g6 2. e4 e5 3. d4 Nf6 4. Nf3 exd4 5. e5 Ne4 6. Qxd4 Bb4+ 7. Nbd2 Nxd2 8.
Bxd2 Nc6 9. Qf4 Bxd2+ 10. Qxd2 d6 11. exd6 Qxd6 12. Qxd6 cxd6 13. O-O-O Ke7 14.
Nd4 Nxd4 15. Rxd4 Be6 16. Bd3 Rac8 17. Kd2 Rhd8 18. Rc1 Rc7 19. g4 b6 20. Re1
Kf6 21. h4 h6 22. b3 d5 23. cxd5 Rxd5 24. Rxd5 Bxd5 25. g5+ hxg5 26. hxg5+ Kg7
27. f4 f6 1/2-1/2